Elements of linear algebra

Αποθηκεύτηκε σε:
Λεπτομέρειες βιβλιογραφικής εγγραφής
Κύριος συγγραφέας: Paige, Lowell J.
Άλλοι συγγραφείς: Swift, J. Dean (Jonathan Dean), 1918-
Μορφή: Βιβλίο
Γλώσσα:English
Δημοσίευση: Boston : Ginn and Company, c1961
Θέματα:
Ετικέτες: Προσθήκη ετικέτας
Δεν υπάρχουν, Καταχωρήστε ετικέτα πρώτοι!

MARC

LEADER 00000cam a2200000 i 4500
001 1/97076
008 081111s1961 eng d
035 |l 10101579 
040 |a GR-MY-UA  |b gre  |e aacr 
041 0 |a eng 
082 0 |a 512.5  |2 (22) 
100 1 |a Paige, Lowell J. 
245 1 0 |a Elements of linear algebra /  |c Lowell J. Paige, J. Dean Swift 
260 |a Boston :   |b Ginn and Company,   |c c1961 
300 |a xvi, 348 σ.;  |c 24 εκ. 
504 |a Περιέχει ευρετήριο 
650 0 0 |a Algebras, Linear. 
700 1 |a Swift, J. Dean   |q (Jonathan Dean),   |d 1918- 
852 |a INST  |b SAMOS  |c MAG  |e 20081111  |h 512.5 PAI  |p 005300029648  |q 005300029648  |t BK  |y 0 
901 |a BIBL3-2008-3 
909 |a Σ  |b 155332 
970 |a ΡΟΥΣΣΟΥ  |b ΚΩΝΣΤΑΝΤΙΝΑ  |z 2008/11/11